| 000 | 01671nam a2200349 i 4500 | ||
|---|---|---|---|
| 999 |
_c65387 _d65387 |
||
| 001 | 768714001 | ||
| 003 | CO-MdFUSB | ||
| 005 | 20200320104031.0 | ||
| 008 | 200218t1997 ec |||| |||| 00| 0 spa d | ||
| 020 | _a9978951938 | ||
| 040 |
_aCO-MdFUSB _bspa _cCO-MdFUSB _dCO-MdFUSBC _erda |
||
| 041 | _aspa | ||
| 082 |
_223 _a863 _bY22 |
||
| 100 |
_aYánez Cossío, Alicia _eautor |
||
| 245 |
_aAprendiendo a morir. _c/ Alicia Yánez Cossío |
||
| 264 |
_aEcuador : _bSeix Barral, _c[1997] |
||
| 264 | _c© 1997 | ||
| 300 |
_a189 páginas _c; 21 cm |
||
| 336 |
_2rdacontent _atexto _btxt |
||
| 337 |
_2rdamedia _asin mediación _bn |
||
| 338 |
_2rdacarrier _avolumen _bnc |
||
| 490 | _aBiblioteca Breve | ||
| 505 | _a | ||
| 520 | 1 | _aA través de una crónica profunda y poética de la vida y personalidad de la santa Marianita de Jesús, la autora recrea con espontaneidad y frescura la vida cotidiana de quito en el siglo XVII, época en que transcurre esta novela, una de las mejores de Alicia Yánez. Convencida de que su misión sobre la tierra consistía en orar sin descanso por la salvación de los pecadores y ayudar a los pobres y desamparados, Mariana flagelaba su cuerpo para detener la ira divina y expiar sus propias faltas y las ajenas. Su preocupación por la vida eterna- mientras vivió siempre estuvo aprendiendo a morir- la llevo, a manera de que inmolación, a decidir su propia muerte y lo consiguió. | |
| 563 | _aRústico | ||
| 650 | 7 |
_2embne _92265 _aLiteratura hispanoamericana |
|
| 653 | _aLiteratura ecuatoriana. | ||
| 653 | _aNovela -- Ecuador | ||
| 653 | _aLiteratura -- Quito -- Siglo XVII | ||
| 942 | _cBK | ||
| 945 |
_aJTF-925 _bAEM-53 |
||